Statistieken voor Kaart van Oceanië Quiz

Klik hier om de quiz te nemen!

Algemene statistieken

  • Deze quiz is 993 keer genomen
  • De gemiddelde score is 10 van 16

Antwoorden op de kaart

Antwoorden kleurgecodeerd door een groen-rode schaal op de quizkaart volgens % correct hieronder.
Laden...
 

Antwoordstatistieken

Antwoord% Correct
Australië
99%
Nieuw-Zeeland
94%
Papoea-Nieuw-Guinea
91%
Kiribati
63%
Micronesia
63%
Salomoneilanden
61%
Fiji
60%
Marshalleilanden
55%
Palau
53%
Nauru
52%
Samoa
50%
Frans-Polynesië
48%
Nieuw-Caledonië (Frankrijk)
47%
Tonga
47%
Vanuatu
45%
Tuvalu
44%

Scoreverdeling

Percentiel versus Aantal Correcte Antwoorden

Procent van Mensen met Elke Score

Uw Scoregeschiedenis

U heeft deze quiz nog niet genomen